00912nam a2200277 a 450000100060000000300080000600500170001400800410003102000150007203500190008703500120010604000250011804100080014308200250015124501250017626000390030130000260034050000200036650400410038665100390042765100390046665100410050565100390054670000200058570000290060542087BD-RjUL20211209053506.0160609s1989 cou b 001 0 eng  a0813307694 a(BD-RjUL)42205 a2108970 aLCbengcBD-RjULdLC aeng00a327.43219bGER 198900aGermany through American eyes :bforeign policy and domestic issues /cedited by Gale A. Mattox and John H. Vaughan, Jr. aBoulder :bWestview Press,cc1989. axiv, 183 p. ;c24 cm. aIncludes index. aIncludes bibliographical references. 0aGermany (West)xForeign relations. 0aGermany (West)xSocial conditions. 0aGermany (West)xEconomic conditions. 0aGermany (East)xForeign relations.1 aMattox, Gale A.1 aVaughan, John H.,d1951-